Managing Capital Flows : (Record no. 90009)

MARC details
000 -LEADER
fixed length control field 00712nam a22002177a 4500
005 - DATE AND TIME OF LATEST TRANSACTION
control field 20170712114416.0
010 ## - LCCN (DPL NO)
LC control number ENG-111212
020 ## - INTERNATIONAL STANDARD BOOK NUMBER
International Standard Book Number 9780199453344
Terms of availability 995.00
035 ## - SYSTEM CONTROL NUMBER
System control number EN-94744
037 ## - SOURCE OF ACQUISITION
Source of stock number/acquisition DBAD/PUB
082 ## - DEWEY DECIMAL CLASSIFICATION NUMBER
Classification number 332.042
245 ## - TITLE STATEMENT
Title Managing Capital Flows :
Remainder of title issues in selected emerging market economies /
Statement of responsibility, etc edited by Bruno Carrasco ; Subir Gokarn [and] Hiranya Mukhopadhyay
260 ## - PUBLICATION, DISTRIBUTION, ETC. (IMPRINT)
Place of publication, distribution, etc New Delhi
Name of publisher, distributor, etc Oxford University Press
Date of publication, distribution, etc 2014
270 ## - ADDRESS
Address YMCA Library building, 1 Jai Singh Road
City New Delhi
Postal code 110001
300 ## - PHYSICAL DESCRIPTION
Extent xxxiii, 286p.
Dimensions 22cm(Hb)
500 ## - GENERAL NOTE
General note Includes index
700 ## - ADDED ENTRY--PERSONAL NAME
Personal name Carrasco, Bruno
700 ## - ADDED ENTRY--PERSONAL NAME
Personal name Gokarn, Subir
700 ## - ADDED ENTRY--PERSONAL NAME
Personal name Mukhopadhyay, Hiranya
942 ## - ADDED ENTRY ELEMENTS (KOHA)
Source of classification or shelving scheme Dewey Decimal Classification
Item type English Books
Call number suffix MAN
Holdings
Withdrawn status Lost status Not for loan Collection code Home library Current library Date acquired Source of acquisition Cost, normal purchase price Full call number Barcode Copy number Cost, replacement price Koha item type
    Not For Loan Non-fiction D.B.Act.Division D.B.Act.Division 13/11/2014 DBAD/PUB 995.00 332.042 MAN EN-94744 1 995.00 English Books

© Delhi Public Library
Hit Counter
free hit counter